LEADER 01148nam a2200217 i 4500 001 000000228760 003 CaOOAMICUS 005 20140410000000.0 008 140410s1794 it u000 u ita u 013 $a207662 026 $a.)9. s-e. o-le +ade (3) 1794 (Q) 040 $aSeMil$bita 245 10$aParte prima, sopra la Salve Regina. 300 $aXXIV, 275, [1] p. 500 $aSegn. : a12 A-L12 M6. - Fondo Bidoglio. 773 0 $aLiguori, Alfonso Maria : de' $tGlorie di Maria opera dell'illustrissimo e reverendissimo monsignore don Alfonso de' Liguori ... utile per leggere, e predicare divisa in due parti. Nella prima si ragiona delle molte e copiose grazie che la madre di Dio dispensa a' suoi divoti, ... Nella seconda parte poi si ragiona delle sue feste principali ... Parte 1. [-2.].$dBologna : Nella Stamperia di Lelio dalla Volpe, imprimatur 1794.$g1$w()25949 850 $aSeMil 852 $aSeMil$W1$xVenegono$y1$m2ZB XI 1 FA$j179106$B179106$CSeMilBibl$Z2$F190174 $8I 941 1 $a2 961 $aLascito: Bidoglio don Maurizio 996 $6245$aParte prima, sopra la Salve Regina$9(OLS)http://semarc/title/327428 LEADER 01794nam a2200301 i 4500 001 000000050984 003 CaOOAMICUS 005 20230605143800.0 008 040701s1996 it u000 u ita u 040 $aSeMil$bita 245 10$aCappella della Comunità delle Suore di Maria Bambina :$b[presso il] Seminario Arcivescovile di Milano, Venegono Inferiore /$corganizzazione [a cura di] Emilio Ferrario ; testi [di] Paolo Biscottini ... [et al.] ; fotografie [di] Marirosa Ballo [e] Daniele Morini. 264 1$a[S.l. :$bs.n.]$e(Milano :$fOfficina d'arte grafica Lucini,$gstampa 1996) 300 $a1 v. ;$c21x21 cm. 500 $aIn testa al colophon : Il Banco Ambrosiano Veneto ha promosso la stampa di questo volume... 650 4$aMilano (Arcidiocesi) - Seminario Arcivescovile - Cappella della Comunità delle Suore.$0(OLS)http://semarc/subject/53812 700 1 $aFerrario, Emilio .$0(OLS)http://semarc/name/25233 700 1 $aMorini, Daniele.$0(OLS)http://semarc/name/25236 700 1 $aBallo, Marirosa.$0(OLS)http://semarc/name/25235 700 1 $aBiscottini, Paolo.$0(OLS)http://semarc/name/25234 850 $aSeMil 852 $aSeMil$W1$xVenegono$y1$m5K XVI 33$j17139$B17139$CSeMilBibl$Z2$F17139 $81 852 $aSeMil$W1$xVenegono$y1$m5B III 68/9$j241129$B245261$CSeMilBibl$Z2$F245261 $81 961 $aOmaggio: Patti mons. Francesco 961 $aEd. di tremila copie numerate ; Esemplare 1782 961 $aEd. di tremila copie numerate ; Esemplare 1736. 996 $6245$aCappella della Comunità delle Suore di Maria Bambina :$b[presso il] Seminario Arcivescovile di Milano, Venegono Inferiore$9(OLS)http://semarc/title/77959 996 $6264$a[S.l. :$bs.n.]$9(OLS)http://semarc/publisher/29751